Autonoma̕s y unidad del Ordenamiento Jurd̕ico: la cuadratura del cr̕culo

Detalles Bibliográficos
Autor principal: Gonzl̀ez Hernǹdez, Esther
Formato: eBook
Lenguaje:español
Publicado: Madrid: Dykinso, 2012
Materias:
Acceso en línea:Acceso restringido

MARC

LEADER 00000nam a22000007a 4500
005 20131127164646.0
007 cr|||| ||||
008 131127s2012 sp |||||s|||| 00||0 spa d
020 |a 978-84-9031-481-4 
035 |a 11639 
040 |a vLex 
090 |c 4581  |d 4581 
100 1 |a Gonzl̀ez Hernǹdez, Esther  
245 1 0 |a Autonoma̕s y unidad del Ordenamiento Jurd̕ico: la cuadratura del cr̕culo  |h [Recurso electrn̤ico] /  |c Esther Gonzl̀ez Hernǹdez  
256 |a Servicio en ln̕ea 
260 |a Madrid:  |b Dykinso,  |c 2012 
300 |a 1 recurso electrn̤ico 
506 1 |a Contenido solo disponible en los productos indicados  |d vLex Global  |d vLex Global (Academic Edition, excluding Law Schools)  |d vLex Global (U.S. Academic Edition, Law Schools)  |d vLex Global (U.S. Academic Edition, excluding Law Schools)  |d vLex Global (Academic Edition, Law Schools) 
650 0 4 |a Derecho 
650 0 4 |a Autonoma̕ 
740 0 |a vLex Libros (Servicio en ln̕ea) 
856 4 0 |u http://vlex.com/source/autonomias-unidad-ordenamiento-juridico-11639  |z Acceso restringido 
942 |c BOOK 
999 0 |a Law 
999 0 |a Autonomy